00468 a2200205 4500260001000000630002500010037001300035650002800048100001600076260001100092245004600103300001000149650001900159260000900178300000900187100000700196440002900203037001200232020001800244 aParis a657 - Comptabilité b1, Achat a6 - SCIENCES APPLIQUEES aFavro, Eric bNathan aComptabilité des opérations courantes a93 p. aComptabilté  c1995 b23cm lFr aPratique professionnelle aDe 8598 a2-09-176699-2